Quiz Disney partie 3 - Statistiques

Statistiques générales
  • Ce quiz a été pris 105 fois
  • Le résultat moyen est 12 sur 56
Statistiques - réponses
Hint Réponse % Correct
2016 vaiana
73%
2017 coco
68%
2019 la reine des neiges 2
61%
2021 luca
51%
2015 vice versa
49%
2019 toy story 4
47%
2021 raya et le dernier dragon
46%
2020 soul
46%
2022 alerte rouge
43%
2019 le roi lion
43%
2016 zootopie
42%
2016 le monde de dory
41%
2019 ralph 2.0
39%
2020 en avant
38%
2015 les nouveaux héros
37%
2017 cars 3
34%
2015 cendrillon
32%
2017 la belle et la bete
30%
2019 aladdin
28%
2015 le voyage d'arlo
28%
2020 mulan
28%
2018 les indestructibles 2
27%
2019 maléfique 2
25%
2019 dumbo
23%
2016 le livre de la jungle
22%
2021 cruella
16%
2018 jean christophe et winnie
15%
2020 la belle et le clochard
15%
2019 le retour de mary poppins
15%
2015 clochette et la créature légendaire
13%
2015 ant man
9%
2021 black widow
8%
2017 star wars 8
8%
2019 star wars 9
8%
2017 thor 3
8%
2016 alice de l'autre côté du miroir
6%
2019 captain marvel
6%
2017 pirates des caraïbes 5
6%
2021 spider man no way home
6%
2015 star wars 7
6%
2018 avengers 3
5%
2018 black panther
5%
2021 jungle cruise
5%
2021 les éternels
5%
2017 les gardiens de la galaxie 2
5%
2016 peter et eliott le dragon
5%
2019 spider man far frome home
5%
2015 avengers 2
4%
2019 avengers 4
4%
2016 captain america 3
4%
2017 spider man homecoming
4%
2021 ecanto
3%
2018 ant man et la guêpe
1%
2016 docteur strange
1%
2021 shang chi et la légende des 10 anneaux
1%
2020 artemis fowl
0%
Aucun quiz correspondant
Distribution des résultats
% des personnes avec chaque résultat
Percentile par nombre de réponses
Votre historique - résultats
Vous n’avez pas pris ce quiz